000 00375pab a2200157 454500
008 180718b2008 xxu||||| |||| 00| 0 eng d
100 _aGoren, Paul
245 _aThe two faces of government spending
260 _c2008
300 _ap.147-57.
362 _aMar
650 _aPublic expenditure
773 _aPolitical Research Quarterly
908 _aN
909 _a77917
999 _c77917
_d77917